Widok standardowy
Widok MARC
Pozycja Hasło tematyczne
Liczba rekordów, w których użyto hasła: 6
001 - NUMER KONTROLNY
- pole kontrolne: 30448
003 - IDENTYFIKATOR NUMERU KONTROLNEGO
- pole kontrolne: BPK
005 - DATA I GODZINA OSTATNIEJ MODYFIKACJI
- pole kontrolne: 20151008142444.0
008 - ELEMENTY DANYCH STAŁEJ DŁUGOŚCI
- pole kontrolne stałej długości: 151008|| aca||aabn | a|a d
040 ## - ŹRÓDŁO OPISU
- Instytucja, która jako pierwsza sporządziła opis: BPK
- Instytucja, która utworzyła rekord: BPK
150 ## - DESKRYPTOR PRZEDMIOTOWY
- Deskryptor przedmiotowy: Język angielski
- General subdivision: wymowa.
670 ## - ŹRÓDŁO, W KTÓRYM ZNALEZIONO DANE
- Źródło, w którym znaleziono dane: Work cat.: (BPK)41402: Gilbert, Judy Bogen. 30447, Clear speech :, 1991.

